| 000 | 004790000a22001690004500 | ||
|---|---|---|---|
| 003 | MACL | ||
| 005 | 20160120155032.0 | ||
| 008 | 160120b xxu||||| |||| 00| 0 eng d | ||
| 040 |
_aMACL _cMACL |
||
| 041 | _aHindi | ||
| 082 | _a330 | ||
| 245 | _aप्रैक्टिस वर्क-बुक अर्थशास्त्र | ||
| 260 |
_bउपकार प्रकाशन _aआगरा |
||
| 350 | _a110 | ||
| 650 |
_aEconomics _933713 |
||
| 942 |
_cHIN _k330 _2ddc |
||
| 999 |
_c30808 _d30808 |
||